| 000 | 00874nam a2200253 a 4500 | ||
|---|---|---|---|
| 001 | 000010995 | ||
| 005 | 20250409122709.0 | ||
| 008 | 091013s2001 dr 000 p spa d | ||
| 020 | _a9993483117 | ||
| 040 |
_aDO-SdBNP _bspa _cBNPHU |
||
| 082 |
_aRD861.44 _bV145n |
||
| 100 | 1 |
_aValdez, Pedro Antonio, _d1968- _922509 |
|
| 245 | 1 | 0 |
_aNaturaleza muerta / _cPedro Antonio Váldez. |
| 260 |
_aSan Pedro de Macorís, República Dominicana : _bUCE, _c2001. |
||
| 300 |
_a137 p. ; _c23 cm. |
||
| 490 | 1 | _aXXX Aniversario UCE | |
| 586 | _aPrimer lugar en el Concurso Nacional de Literatura UCE, género de poesía, 2000 | ||
| 590 | _aInventariado, 2019/LP | ||
| 650 | 0 |
_aPoesía dominicana _966 |
|
| 650 | 0 |
_aLiteratura dominicana. _967 |
|
| 710 | 1 |
_aUniversidad Central del Este _937229 |
|
| 830 | 0 |
_aXXX Aniversario UCE _926413 |
|
| 910 | _aValidado. Control de calidad MFF | ||
| 999 |
_c10733 _d10733 |
||